| 000 | 00688nam a2200229 u 4500 | ||
|---|---|---|---|
| 001 | 000061929 | ||
| 005 | 20200120224136.0 | ||
| 008 | 140708s1985 ck er 000 f spa | ||
| 041 | 0 | _aDspa | |
| 043 | _ac-k---- | ||
| 090 |
_aAN _bFAUsa Seix |
||
| 100 | 1 |
_aFaulkner, William _d1897-1962 |
|
| 245 | 1 | 0 |
_aSantuario / _cFaulkner William. |
| 250 | _a1a. ed. | ||
| 260 |
_aBogotá : _bSeix Barral, _c1985. |
||
| 300 |
_a205 p. _e20 cm. |
||
| 490 | 0 |
_aLiteratura Contemporánea _v5 |
|
| 650 | 1 | 7 |
_aLiteratura estadounidense _ySiglo XX _2LEMB |
| 650 | 1 | 7 |
_aNovela estadounidense _2LEMB |
| 650 | 1 | 7 |
_aLiteratura estadounidense adulto _2LEMB |
| 650 | 1 | 7 |
_aViolencia en la literatura _ySiglo XX _2LEMB |
| 999 |
_c8191 _d8191 |
||